Poker de espanto en el Caribe / (Registro nro. 13857)

Detalles MARC
000 -LEADER
fixed length control field 00947nam a2200289 a 4500
001 - CONTROL NUMBER
control field
003 - CONTROL NUMBER IDENTIFIER
control field OSt
005 - DATE AND TIME OF LATEST TRANSACTION
control field 20211109070345.0
008 - FIXED-LENGTH DATA ELEMENTS--GENERAL INFORMATION
fixed length control field 130405s1990 dr 000 0 spa d
040 ## - CATALOGING SOURCE
Original cataloging agency DO-SdBNP
Language of cataloging spa
Transcribing agency BPMSU
082 ## - DEWEY DECIMAL CLASSIFICATION NUMBER
Classification number 320.9729
Item number B742p,1990
Edition number 22
100 1# - MAIN ENTRY--PERSONAL NAME
Personal name Bosch, Juan,
Dates associated with a name 1909-2001
9 (RLIN) 1
245 10 - TITLE STATEMENT
Title Poker de espanto en el Caribe /
Statement of responsibility, etc. Juan Bosch.
250 ## - EDITION STATEMENT
Edition statement 3a ed.
260 ## - PUBLICATION, DISTRIBUTION, ETC. (IMPRINT)
Place of publication, distribution, etc. Santo Domingo :
Name of publisher, distributor, etc. Alfa y Omega,
Date of publication, distribution, etc. 1990.
300 ## - PHYSICAL DESCRIPTION
Extent 217 p. ;
Dimensions 22 cm.
500 ## - GENERAL NOTE
General note Incluye notas al pie de las páginas
590 ## - LOCAL NOTE (RLIN)
Local note Inventariado, 2021/VM
600 14 - SUBJECT ADDED ENTRY--PERSONAL NAME
Personal name Pérez Jiménez, Marcos,
Dates associated with a name 1914-2001
600 14 - SUBJECT ADDED ENTRY--PERSONAL NAME
Personal name Batista y Zaldivar, Fulgencio,
Dates associated with a name 1901 - 1973
600 14 - SUBJECT ADDED ENTRY--PERSONAL NAME
Personal name Somoza García, Anatasio,
Dates associated with a name 1896 - 1956
600 14 - SUBJECT ADDED ENTRY--PERSONAL NAME
Personal name Trujillo Molina, Rafael Leónidas,
Dates associated with a name 1891-1961
651 #4 - SUBJECT ADDED ENTRY--GEOGRAPHIC NAME
Geographic name República Dominicana
General subdivision Política y gobierno
651 #4 - SUBJECT ADDED ENTRY--GEOGRAPHIC NAME
Geographic name Caribe (Región)
General subdivision Política y gobierno
910 ## - USER-OPTION DATA (OCLC)
User-option data VMateo V
942 ## - ADDED ENTRY ELEMENTS (KOHA)
Source of classification or shelving scheme Dewey Decimal Classification
Koha item type Libros
Existencias
Withdrawn status Lost status Source of classification or shelving scheme Damaged status Not for loan Collection code Home library Current library Date acquired Full call number Barcode Date last seen Price effective from Koha item type
    Dewey Decimal Classification     Colección Dominicana Biblioteca Pública Metropolitana Salomé Ureña Biblioteca Pública Metropolitana Salomé Ureña 11/09/2021 BPMSU CD 320.9729 B742p 1990 BPMSU21110064 11/09/2021 11/09/2021 Libros